Géopolitique de l'Asie: un continent écartelé
Saved in:
| Hovedforfatter: | |
|---|---|
| Format: | Bog |
| Sprog: | fransk |
| Udgivet: |
París
Presses Universitaires de France
1993
|
| Fag: | |
| Tags: |
Tilføj Tag
Ingen Tags, Vær først til at tagge denne postø!
|
MARC
| LEADER | 00000cam a2200000 a 4500 | ||
|---|---|---|---|
| 001 | UCF9335 | ||
| 003 | CL-VaPUC | ||
| 008 | 131111e19930000fr |||||||||||||||||fre|d | ||
| 082 | 0 | 4 | |a 950.091 |b DEL |2 21 |
| 100 | 0 | |a Delavaud, Claude Collin |e author |9 571606 | |
| 245 | 1 | 0 | |a Géopolitique de l'Asie: un continent écartelé |
| 300 | |a 327 p | ||
| 942 | |c BK | ||
| 945 | |d 20131111 15:03:00 |a dcastane | ||
| 260 | |a París |b Presses Universitaires de France |c 1993 | ||
| 650 | 0 | |a Geopolítica |9 313921 | |
| 650 | 0 | |a Medio Oriente |9 521054 | |
| 651 | 0 | |a Asia |9 268338 | |
| 583 | |a last modification |c 20131128 11:56:17 |k Rodrigo Vera | ||
| 999 | |c 353787 |d 353785 | ||
| 952 | |0 0 |1 0 |3 erb |4 0 |6 950_091000000000000_DEL_1993 |7 0 |8 A |9 459176 |a BIBING |b BIBING |d 2019-11-23 |i 5027063 |o 950.091 DEL 1993 |p 5027063 |r 2025-01-20 |w 2019-11-23 |y BK |z Catalogado en:20131111 |k GEO | ||